000 00444cam a22001337a 4500
008 180718b1997 xxu||||| |||| 00| 0 eng d
082 _aP5x54/V869
100 _aVohra, Amrit Lal
245 _aManual of UGC schemes: ( critieria of grants to universities and colleges )
_cby Amrit Lal Vohra
260 _aNew Delhi
_bCrest Publishin
_c1997
300 _a1090p.
650 _aColleges and universties - India
650 _aEducation, Higher - India
999 _c380842
_d380842